000
00353nam a2200145 a 4500
005
20140412111347.0
008
110105s19uu xx 00 eng d
020
_a
0-590-43049-1
050
_a
TR(PS E
_b
Sw6 1989
100
_a
Lionni, Leo
245
_a
Swimmy /
_c
Leo Lionni.
260
_a
NY :
_b
Scholastic,
_c
1989.
300
_a
unp.
999
_c
105224
_d
105224